Fr. Conceicao Rodrigues College of Engineering

Purchasing and Materials Management : Purchasing and Materials Management (Record no. 35167)

MARC details
000 -LEADER
fixed length control field 00390nam a2200145Ia 4500
082 ## - DEWEY DECIMAL CLASSIFICATION NUMBER
Classification number 658.7
100 ## - MAIN ENTRY--PERSONAL NAME
Personal name Dobler/D.W// Burt/dn.
245 ## - TITLE STATEMENT
Title Purchasing and Materials Management : Purchasing and Materials Management
260 ## - PUBLICATION, DISTRIBUTION, ETC.
Name of publisher, distributor, etc. Tata Mc Graw hill
Place of publication, distribution, etc. New Deihi
Date of publication, distribution, etc. 1984
300 ## - PHYSICAL DESCRIPTION
Extent 796
546 ## - LANGUAGE NOTE
Language note ENGLISH
654 ## - SUBJECT ADDED ENTRY--FACETED TOPICAL TERMS
Focus term Purchaing and Meterials Management
942 ## - ADDED ENTRY ELEMENTS (KOHA)
Koha item type BOOK
Holdings
Withdrawn status Lost status Damaged status Not for loan Collection Home library Current library Shelving location Date acquired Cost, normal purchase price Total Checkouts Full call number Barcode Date last seen Cost, replacement price Price effective from Koha item type
        CRC Fr. Agnel's C.Rodrigues College of Engineering Fr. Agnel's C.Rodrigues College of Engineering   17/03/2023 69.00   658.7 681 17/03/2023 69.00 17/03/2023 BOOK
        CRC Fr. Agnel's C.Rodrigues College of Engineering Fr. Agnel's C.Rodrigues College of Engineering   17/03/2023 48.00   658.7 DOB 689 17/03/2023 48.00 17/03/2023 BOOK